000
00305nam a2200109Ia 4500
008
200302s9999 xx 000 0 und d
100
_a
Capt. Pran Ranjan Prasad and Other
245
_a
Safeguarding Heritage A Monumental Glory
260
_b
Bharatiya Kala Prakahan Delhi
260
_c
2008
300
_a
123 P.,
999
_c
3892
_d
3892